| 000 | 00351nam a2200133Ia 4500 | ||
|---|---|---|---|
| 008 | 150202s9999 xx 000 0 und d | ||
| 020 | _a373706456 | ||
| 050 |
_aFIC _bFIC |
||
| 100 | _aFreed, Jan. | ||
| 245 |
_aToo many bosses / _cJan Freed. |
||
| 260 |
_aNew York : _bHarlequin Books, _c1995. |
||
| 300 |
_a296 pages : _c18 cm. |
||
| 650 | _aFiction. | ||
| 999 |
_c282014 _d282014 |
||